| 000 | 00472 a2200157 4500 | ||
|---|---|---|---|
| 001 | 86295 | ||
| 082 | _a620.0042 LEE | ||
| 090 |
_c40560 _d40560 |
||
| 100 | _aLee Huei | ||
| 245 |
_aFinite Element Simulations with ANSYS Workbench 14; theory, applications, case studies _cHuei-Huang Lee, NCKU, Taiwan |
||
| 250 | _a1 | ||
| 260 |
_aUS _bSchroff Development Corp _c2012 |
||
| 300 |
_axi, 602p _bwith CD |
||
| 500 | _aMS textbook Aerospace | ||
| 610 | _aANSYS Workbench | ||
| 942 |
_aNUST-CAE _k620.0042 LEE |
||
| 999 |
_c321368 _d321368 |
||